00609nam a2200181 a 4500008004100000020002400041245011800065260005000183300002900233500004100262650002800303650003500331700001800366700001600384003000100400005001700401040000900418  a9870797437203 (pbk)10aInnovations in rural develpment:bexperiences from Bulilima and Magwe districts of Zimbabwe/cedited by M.T. Moyo aNUST:bInstitute for Rural Technology,c2008. a160 p. :bill. ;c14 cm. aIncludes bibliographical references. aLocal level development 1aDevelopment planningxZimbabwe aNdlovu, L. R. aKhombe,C.T.20230123125508.0 cNUST